00410nam a2200181Ia 4500008004100000020001400041050001400055100001800069245002400087245001800111260001500129260001600144260000900160300001400169300002700183300001000210500000800220170918s9999 xx 000 0 und d a439177022 bS592 1998 aSimmons, Jane aDaisy and the egg / cJane Simmons. aNew York : bScholastic, c1998 aunpaged : bcolored illustration ; c26cm. a410